Whitney Houston UK Singles Chart History - Statistics

General Stats
  • This quiz has been taken 14 times
  • The average score is 19 of 38
Answer Stats
Peak Position Song Weeks On Chart Debut Date % Correct
#1 I Will Always Love You 32 November 14th 1992
100%
#1 Saving All My Love For You 19 November 16th 1985
100%
#1 I Wanna Dance With Somebody (Who Loves Me) 25 May 23rd 1987
89%
#4 I'm Every Woman 11 February 20th 1993
78%
#1 One Moment In Time 16 September 24th 1988
78%
#5 How Will I Know 13 January 25th 1986
67%
#92 How Will I Know (with Clean Bandit) 4 October 14th 2021
67%
#3 I Have Nothing 12 April 24th 1993
67%
#4 When You Believe 16 December 19th 1998
67%
#14 Didn't We Almost Have It All 9 August 22nd 1987
56%
#11 Exhale (Shoop Shoop) 11 November 18th 1995
56%
#2 Higher Love 49 July 11th 2019
56%
#5 I'm Your Baby Tonight 11 October 20th 1999
56%
#3 It's Not Right But It's Okay 18 March 6th 1999
56%
#2 My Love Is Your Love 13 July 3rd 1999
56%
#29 My Name Is Not Susan 5 July 6th 1991
56%
#15 Run To You 7 July 31st 1993
56%
#13 Step By Step 13 December 21st 1996
56%
#13 All The Man That I Need 10 December 22nd 1990
44%
#7 Could I Have This Kiss Forever 8 October 14th 2000
44%
#25 Heartbreak Hotel 9 December 30th 2000
44%
#9 If I Told You That 11 June 17th 2000
44%
#5 Million Dollar Bill 16 October 17th 2009
44%
#5 So Emotional 11 November 14th 1987
44%
#8 The Greatest Love Of All 13 April 12th 1986
44%
#13 Whatchulookinat 3 November 9th 2002
44%
#14 Where Do Broken Hearts Go 9 March 12th 1988
44%
#93 You Give Good Love 1 August 24th 1985
44%
#16 I Believe In You And Me 8 March 29th 1997
33%
#19 I Learned From The Best 14 December 11th 1999
33%
#10 Love Will Save The Day 7 May 28th 1988
33%
#54 I Belong To You 2 September 28th 1991
22%
#44 I Didn't Know My Own Strength 3 October 31st 2009
22%
#29 It Isn't, It Wasn't, It Ain't Never Gonna Be 5 September 9th 1989
22%
#14 Queen Of The Night 5 November 6th 1993
22%
#16 Something In Common 5 January 22nd 1994
22%
#44 Hold Me 7 January 18th 1986
11%
#12 Count On Me 9 February 24th 1986
0%
No matching quizzes found
Score Distribution
Percent of People with Each Score
Percentile by Number Answered
Your Score History
You have not taken this quiz